000 00995pam a2200289 a 4500
999 _c4200
_d4200
001 2468070
003 OSt
005 20230301155128.0
008 900725s1993 enka bf 001 0 eng c
010 _a 90002511
020 _a0521326117
040 _aDNLM/DLC
_cDLC
_dDLC
050 0 0 _aQR67.2
_b.C68 1993
060 _aQW 15 C874
082 0 0 _aQW4 C839b 2003
100 _aEdited and rev. by Barrow, G.I.; Feltham, R.K.A.
_99549
245 0 0 _aCowan and Steel's Manual for the Identification of Medical bacteria
250 _a3rd ed.
260 _aCambridge University Press, 2003
300 _axix, 331 p. :
_bill. ;
_c26 cm.
504 _aIncludes bibliographical references, and index.
650 0 _aBacteriology
_99048
856 4 2 _3Publisher description
_uhttp://www.loc.gov/catdir/description/cam024/90002511.html
856 4 1 _3Table of contents
_uhttp://www.loc.gov/catdir/toc/cam027/90002511.html
906 _a7
_bcbc
_corignew
_d1
_eocip
_f19
_gy-gencatlg
942 _2z
_cSLOAN